[Event "Dia De Internet op"]
[Site "Playchess.com INT"]
[Date "2005.10.22"]
[Round "12"]
[White "Dorfman, Josif D"]
[Black "Kamsky, Gata"]
[Result "1-0"]
[WhiteElo "2592"]
[BlackElo "2700"]
[PlyCount "103"]
[EventDate "2005.10.22"]
[EventType "swiss (blitz)"]
[EventRounds "13"]
[EventCountry "GER"]
[SourceTitle "EXT 2007"]
[Source "ChessBase"]
[SourceDate "2006.11.23"]
[SourceVersion "1"]
[SourceVersionDate "2006.11.23"]
[SourceQuality "1"]

1. Nf3 d5 2. c4 c6 3. d4 Nf6 4. Nc3 Qb6 5. e3 Bf5 6. Be2 e6 7. O-O Nbd7 8. b3
a5 9. Nh4 Bg6 10. Nxg6 hxg6 11. h3 Be7 12. Qc2 g5 13. Rd1 Rd8 14. e4 dxe4 15.
Bxg5 Qc7 16. Be3 Bd6 17. Nxe4 Bf4 18. Nxf6+ Nxf6 19. Qc1 Bxe3 20. Qxe3 O-O 21.
Rd3 Rd7 22. Rad1 Rfd8 23. Qe5 b6 24. Qxc7 Rxc7 25. Bf3 Kf8 26. Kf1 Ke7 27. Ke2
Rcc8 28. h4 g6 29. g3 c5 30. d5 e5 31. d6+ Kf8 32. Re3 Nd7 33. Bb7 Rb8 34. Bc6
f6 35. f4 Rbc8 36. Bxd7 Rxd7 37. fxe5 fxe5 38. Rxe5 Rcd8 39. Red5 Kg7 40. Kf3
Rf8+ 41. Kg4 Rf6 42. h5 gxh5+ 43. Kxh5 Re6 44. Kg4 Rf6 45. Rg5+ Kf7 46. Rf5 Ke6
47. Rxf6+ Kxf6 48. Kf4 Ke6 49. Ke4 Rg7 50. d7 Rxd7 51. Rxd7 Kxd7 52. Kd5 1-0

[Event "Dia De Internet op"]
[Site "Playchess.com INT"]
[Date "2005.10.22"]
[Round "13"]
[White "Panarin, Mikhail"]
[Black "Kamsky, Gata"]
[Result "1/2-1/2"]
[WhiteElo "2486"]
[BlackElo "2700"]
[PlyCount "222"]
[EventDate "2005.10.22"]
[EventType "swiss (blitz)"]
[EventRounds "13"]
[EventCountry "GER"]
[SourceTitle "EXT 2007"]
[Source "ChessBase"]
[SourceDate "2006.11.23"]
[SourceVersion "1"]
[SourceVersionDate "2006.11.23"]
[SourceQuality "1"]

1. e4 c5 2. Nf3 e6 3. d4 cxd4 4. Nxd4 a6 5. Bd3 g6 6. O-O Bg7 7. c3 Ne7 8. Nd2
Qc7 9. N2f3 b6 10. Re1 Nbc6 11. Bg5 Bb7 12. Bh4 d6 13. Bg3 O-O 14. Qd2 Rfd8 15.
Rad1 Ne5 16. Bb1 b5 17. h4 h6 18. Nh2 h5 19. Qe2 Nc4 20. f4 d5 21. e5 Na5 22.
Bf2 Nac6 23. g4 hxg4 24. Qxg4 Nxd4 25. cxd4 Kf8 26. Nf3 Nf5 27. h5 Bh6 28. hxg6
fxg6 29. Nh4 Qf7 30. Nxg6+ Ke8 31. Nh4 Kd7 32. Bxf5 Rg8 33. Bg6 Rxg6 34. Nxg6
Rg8 35. f5 Qxf5 36. Qxf5 exf5 37. e6+ Ke8 38. Kf1 Rxg6 39. Be3 f4 40. Bf2 Bc8
41. Re5 Bxe6 42. Rde1 Kd7 43. Bh4 Bg7 44. Rg5 Rxg5 45. Bxg5 Bxd4 46. Bxf4 Bxb2
47. Be5 Bxe5 48. Rxe5 Kd6 49. Rg5 b4 50. Ke2 Kc5 51. Kd2 Bd7 52. Kc2 Bb5 53.
Kb2 Bc4 54. Rg8 d4 55. Rc8+ Kb5 56. Rb8+ Ka4 57. Rd8 d3 58. Rb8 Bb5 59. Rd8 Ka5
60. Rd4 Kb6 61. Rxb4 Kc5 62. Rg4 Bc4 63. a3 Bb5 64. Kc3 a5 65. Rg5+ Kb6 66. Rh5
Ba6 67. Rg5 Bb5 68. Rf5 Ka6 69. Rf6+ Kb7 70. Rd6 Kc7 71. Rd4 Kc6 72. Kd2 Kc5
73. Kc3 Kc6 74. a4 Ba6 75. Rh4 Kc5 76. Rh5+ Kb6 77. Rh4 Kc5 78. Rh6 Bb7 79.
Rh5+ Kb6 80. Kxd3 Bc6 81. Rh6 Kc5 82. Rh4 Bd7 83. Kc3 Bc6 84. Rc4+ Kb6 85. Kd4
Be8 86. Ke5 Bf7 87. Rf4 Bb3 88. Kd6 Bd1 89. Rd4 Bc2 90. Kd5 Bb3+ 91. Kd6 Bc2
92. Rd2 Bxa4 93. Rb2+ Bb5 94. Kd5 a4 95. Kd4 Kc6 96. Kc3 Kc5 97. Rh2 Bc6 98.
Rh5+ Bd5 99. Rg5 a3 100. Rh5 a2 101. Kb2 Kd4 102. Rh4+ Kc5 103. Ra4 Kb5 104.
Ra3 Kb4 105. Ra7 Kb5 106. Kc3 Kb6 107. Ra3 Kb5 108. Ra7 Kb6 109. Ra3 Kb5 110.
Kb2 Kb4 111. Rxa2 Bxa2 1/2-1/2

[Event "FIDE World Cup"]
[Site "Khanty-Mansiysk"]
[Date "2005.11.27"]
[Round "1.1"]
[White "Kamsky, Gata"]
[Black "Jun, Zhao"]
[Result "1-0"]
[WhiteElo "2690"]
[BlackElo "2244"]
[Annotator "Rogozenco,D"]
[PlyCount "89"]
[EventDate "2005.11.27"]
[EventType "k.o."]
[EventRounds "7"]
[EventCountry "RUS"]
[SourceTitle "CBM 111"]
[Source "ChessBase"]
[SourceDate "2006.04.04"]
[SourceVersion "1"]
[SourceVersionDate "2006.04.04"]
[SourceQuality "1"]

1. e4 c5 2. Nf3 Nc6 3. d4 cxd4 4. Nxd4 Nf6 5. Nc3 e5 6. Ndb5 d6 7. Bg5 a6 8.
Na3 b5 9. Nd5 Be7 10. Bxf6 Bxf6 11. c4 b4 12. Nc2 a5 13. Be2 Bg5 14. O-O O-O
15. Qd3 (15. Bg4 Be6) 15... Be6 16. Rad1 Ra7 $5 (16... Rb8 17. b3 (17. h3 g6
18. b3 Kh8 19. Bf3 Qc8 20. Qe2 Ne7 21. Nxe7 Bxe7 22. Rd3 a4 23. Qd2 Qc5 $11 {
1/2-1/2 Jobava,B (2596)-Vladimirov,E (2606)/Abu Dhabi 2003 (51)}) 17... Kh8 $11
(17... g6)) 17. h3 $146 (17. Bf3 Qb8 18. b3 Rd7 19. g3 Bd8 20. Qe3 Bxd5 21.
Rxd5 Bb6 22. Qd2 Bc5 23. Kg2 Qa7 24. Bg4 Rdd8 25. Bf3 Kh8 26. Rd3 Nd4 27. Nxd4
Bxd4 $15 {0-1 Galkin,A-Van den Doel,E/Bratislava 1993 (54)}) 17... g6 18. Bg4
Qb8 (18... Rd7 $5) (18... f5 $5) 19. Nde3 Be7 {This doesn't look very logical,
especially in connection with the rook on a7.} ({After} 19... Rd7 {Black has
to reckon with} 20. Bxe6 fxe6 21. c5 {Then} Nd4 $5 22. Nxd4 dxc5 23. Qc4 {
must be in White's favour.}) (19... Rd8 20. g3 $5 {[%cal Gf2f4]}) 20. b3 h5 (
20... Kh8 21. g3 $1 $36 (21. Nd5 Bg5 $11 22. g3 $140 f5 $132)) 21. Bxe6 fxe6
22. g3 $1 {[%cal Gf2f4,Gf4f5] A very strong move by Kamsky, who shows that
Black still has to solve concrete problems. Something went wrong for Black.} g5
{This intention to prevent the advance f2-f4 suddenly allows White to conquer
square d5 again.} (22... Kh8 23. f4 h4 24. f5 $1 $16 {[%csl Rd5]}) (22... h4
23. Qe2 $36 {[%cal Ge2g4]}) 23. Nf5 $1 exf5 24. Qd5+ Kh7 25. Qxc6 {[%cal Gc2e3]
} f4 26. gxf4 gxf4 (26... Rxf4 27. Ne3 $16) 27. Kh2 Qa8 $6 ({Black had to look
for complications in variations like:} 27... Rg8 28. Rg1 Rxg1 29. Rxg1 Bh4 {
although here too, after} 30. Qd5 $1 Bxf2 31. Rg5 Bg3+ 32. Kg2 Qe8 33. Qxd6 {
White has a big advantage.} Rd7 $140 34. Rxh5+ $18) 28. Qxa8 Rfxa8 29. Rd5 Rc8
30. Kg2 Kg7 31. Rfd1 Kf7 32. Ne1 {This is the difference between the knight
and bishop in such positions. At some moment White can improve his knight,
while Black must simply wait.} Rc5 {This leads to a hopeless position. On the
other hand White's plan to transfer the knight on d3 and continue c4-c5 would
have left to the same result.} (32... Ke6 33. Nd3 Rc6 34. c5 Ra8 35. Kf3 Ra7 (
35... Rg8 36. cxd6 Bxd6 37. Rxa5 Rc3 38. Ra6 $18) 36. Rg1 $18) 33. Rxc5 dxc5
34. Rd5 $18 a4 35. Nd3 axb3 36. axb3 Ra3 37. Nxe5+ Ke6 38. Nd3 Rxb3 39. Nxf4+
Kf7 40. Rxh5 Kg7 41. Rd5 Kf7 42. Rd7 Ke8 43. Rb7 Rb2 44. Ng6 Bg5 45. e5 1-0

[Event "FIDE World Cup"]
[Site "Khanty-Mansiysk"]
[Date "2005.11.30"]
[Round "2.1"]
[White "Bocharov, Dmitry"]
[Black "Kamsky, Gata"]
[Result "1/2-1/2"]
[WhiteElo "2592"]
[BlackElo "2690"]
[Annotator "Krasenkow,M"]
[PlyCount "91"]
[EventDate "2005.11.27"]
[EventType "k.o."]
[EventRounds "7"]
[EventCountry "RUS"]
[SourceTitle "CBM 111"]
[Source "ChessBase"]
[SourceDate "2006.04.04"]
[SourceVersion "1"]
[SourceVersionDate "2006.04.04"]
[SourceQuality "1"]

1. d4 Nf6 2. c4 g6 3. Nf3 Bg7 4. g3 d5 5. cxd5 Nxd5 6. Bg2 Nb6 7. Nc3 Nc6 8. e3
O-O 9. O-O Re8 10. d5 Na5 11. Nd4 Bd7 12. e4 c6 13. Re1 Rc8 14. Bf4 cxd5 15.
exd5 {About this line - see CBM106, annotations to Nielsen-Carlsen.} Rc4 (15...
Nac4 {is the main theoretical line}) (15... h6 $5) 16. Be5 Bxe5 17. Rxe5 Rc5 {
A dubious idea. Black has lost a tempo just to force the exchange of bishops 
(which is an option for White anyway) and therefore clarify the situation.} 18.
Nb3 (18. Ne4 $6 Rxd5) (18. Qf3 {looks logical but Black gets counterplay by}
Nac4 19. Re2 Qc8 {[%cal Cb2b4,Cb4c5,Rc4b2]}) 18... Nxb3 19. axb3 Nc8 20. Qd4
Ra5 21. Rae1 $14 Ra6 (21... Qb6 $5) 22. Bf1 (22. Qh4 $5 {to prevent ...Nc8-d6
deserved attention.}) 22... Rb6 23. b4 Nd6 24. Bd3 Bf5 25. Bf1 {White has a
space advantage; therefore he should avoid further exchanges. The only one
favorable for him can be the exchange of his relatively passive bishop for the
black blockading knight.} Bd7 26. h4 Nf5 27. Qc5 Qb8 $6 (27... e6 {[%cal Yd8e7]
} 28. h5 $5) 28. Bd3 Rc8 {Missing a strong blow but} (28... e6 {was not enough
anymore as} 29. Bxf5 {forced} gxf5 (29... exf5 $2 30. Rxe8+ Bxe8 31. Qe7 Bb5
32. Nxb5 Rxb5 33. Qd7 $18)) 29. Qa5 $2 {What a pity! After this move the
initiative passes to Black.} (29. Bxf5 $1 {lead to a big advantage for White,
e.g.} Rxc5 (29... Bxf5 30. Qxe7 f6 (30... Rc7 31. Qg5) 31. Re6 $1 Rc7 32. Qxf6
Bxe6 33. dxe6 $18) 30. bxc5 Bxf5 (30... gxf5 31. cxb6 e6 32. dxe6 fxe6 33. Nb5
$1 axb6 34. Nd4 {[%csl Re6]}) 31. cxb6 (31. Rxe7 $2 Re6 $1 32. dxe6 Bxe6 {
[%csl Re7]}) 31... e6 32. bxa7 Qxa7 33. d6 $1 $16 {[%csl Gd6]}) 29... Nd4 30.
Kg2 Nc2 $6 {Nice but after capturing the b4 pawn this knight finds itself out
of play.} (30... Bf5 $142 $1 31. Bxf5 (31. Bf1 $2 Nc2) 31... Nxf5 {[%cal Yc8c4]
maintaining a positional plus.}) 31. R1e4 (31. Bxc2 Ra6 32. Qxa6 bxa6 33. Rxe7
Qd6 $15) 31... Nxb4 32. Bb5 $1 Bxb5 33. Nxb5 Nd3 34. Rxe7 Rf6 35. Re2 a6 36.
Nc7 Qa7 37. Qd2 Qc5 38. Qxd3 Rxc7 $14 {[%csl Gd5]} 39. Rxc7 $6 {To play for a
win, White should keep both pairs of rooks:} (39. Re8+ Kg7 40. h5 $5) 39...
Qxc7 40. Qd4 Qb6 41. Qc3 h5 42. Re8+ Kg7 43. f3 Qb5 44. Re5 Qd7 45. Qe3 a5 46.
Qd4 1/2-1/2

[Event "FIDE World Cup"]
[Site "Khanty-Mansiysk"]
[Date "2005.12.02"]
[Round "2.4"]
[White "Kamsky, Gata"]
[Black "Bocharov, Dmitry"]
[Result "1-0"]
[WhiteElo "2690"]
[BlackElo "2592"]
[Annotator "Postny,E"]
[PlyCount "59"]
[EventDate "2005.11.27"]
[EventType "k.o."]
[EventRounds "7"]
[EventCountry "RUS"]
[SourceTitle "CBM 111"]
[Source "ChessBase"]
[SourceDate "2006.04.04"]
[SourceVersion "1"]
[SourceVersionDate "2006.04.04"]
[SourceQuality "1"]

1. d4 Nf6 2. Nf3 e6 3. Bg5 h6 4. Bh4 d6 5. e3 g5 $5 {Black wants to exchange
white's dark-squared bishop even at the price of some concession on the
kingside.} ({Solid alternatives are:} 5... Be7) (5... Nbd7) 6. Bg3 Nh5 7. c4 (
7. Bd3 Bg7 8. c3 Qe7 9. Nfd2 Nxg3 10. hxg3 Bd7 11. a4 Nc6 12. Qe2 f5 13. e4
O-O-O $132 {0-1 Tyomkin,D (2450)-Greenfeld,A (2520)/Beersheba 1997/CBM 058 (47)
}) 7... Bg7 8. Nc3 Qe7 (8... Nxg3 9. hxg3 Nd7 10. Qc2 a6 11. Be2 c6 12. Rc1 Qe7
13. O-O O-O 14. b4 e5 15. Bd3 Re8 16. a3 Nf6 17. dxe5 dxe5 18. Nd2 Be6 19. c5
$14 {1/2-1/2 Teske,H (2515)-Kostic,V (2400)/Wattens 1999/EXT 2001 (56)}) 9.
Qa4+ $146 (9. Bd3 Nd7 10. Rc1 O-O 11. Nd2 Nxg3 12. hxg3 f5 13. f4 Nf6 14. Nf3
Ng4 15. Qe2 c6 $15 {0-1 Estupinan,D-Pogorelov,R (2445)/Albacete 1995/EXT 98 
(32)}) 9... Nd7 10. Nb5 $6 {[%csl Rc7] This is actually a waste of time, since
the threat on the Pc7 appears to be imaginary.} O-O $1 {Black does not have to
protect the Pc7.} 11. Be2 (11. Nxc7 $4 {loses a piece to} Nb6 {[%csl Ra4,Rc7]})
11... a6 12. Nc3 c5 $6 {This move seriously weakens the Pd6, which will soon
become very apparent.} ({Much more to the point would have been:} 12... f5 13.
Qc2 Ndf6 (13... f4 $6 14. exf4 Nxf4 15. O-O-O Nxg2 16. h4 g4 17. Ne1 Nxe1 18.
Rhxe1 h5 19. Bd3 $36) 14. O-O-O Bd7 {and black is at least not worse.}) 13. Rd1
cxd4 14. Nxd4 Nxg3 15. hxg3 f5 16. Qc2 Nf6 $6 (16... Ne5 {was more active,
also preventing Be2-f3.}) 17. Bf3 {[%csl Ya8,Yc8] Now, it's not easy for black
to complete the development of the queenside.} Rb8 18. e4 f4 (18... g4 19. Be2
fxe4 20. Nxe4 Nxe4 21. Qxe4 $16 d5 $2 22. cxd5 Qb4+ 23. Kf1 e5 24. Bd3 $18) 19.
gxf4 gxf4 20. Qd2 Nd7 21. Be2 Rf6 $2 ({It was necessary to occupy the
blockading e5 square:} 21... Ne5 22. Nf3 Nxf3+ 23. Bxf3 Be5 24. Rxh6 Kg7 {
and black has reasonable compensation for the pawn.}) 22. Nf3 {[%csl Rd6]} Bf8
23. Rh4 {[%csl Rf4] Black has too many weaknesses.} Qf7 24. Rg4+ Kh8 25. e5 $1
$18 {The decisive breakthrough. Kamsky opens the "d" file and also sets free
the ideal e4 square for the knight.} dxe5 26. Ne4 Rf5 27. Nh4 Nf6 (27... Rh5
28. Ng6+ Kh7 29. Bd3 $18) 28. Nxf6 Qxf6 (28... Rxf6 29. Qd8 $18) 29. Qd8 Kh7
30. Qc7+ 1-0